| 000 | 00529nam a2200181 a 4500 | ||
|---|---|---|---|
| 001 | ASINB0075MENR2 | ||
| 005 | 20170105102851.0 | ||
| 008 | 130821s2012 xxu eng d | ||
| 020 | _a8130920158 (hardcover) | ||
| 020 | _a9788130920153 (hardcover) | ||
| 040 | _a0 | ||
| 086 | _a304.8 | ||
| 245 | 0 | 0 | _aMigration in the global political economy. |
| 260 |
_a[S.l.] : _bViva, _c2012. |
||
| 300 | _a1 v. (unpaged) | ||
| 856 | 4 | 0 |
_3Amazon.com _uhttp://www.amazon.com/exec/obidos/ASIN/B0075MENR2/chopaconline-20 |
| 942 |
_2ddc _cBK |
||
| 999 |
_c14265 _d14265 |
||